| 000 | 00783nam a2200265 a 4500 | ||
|---|---|---|---|
| 001 | 55237 | ||
| 003 | BD-RjUL | ||
| 005 | 20211209080233.0 | ||
| 008 | 161115s1977 nyuab b 001 0 eng | ||
| 020 |
_a712120238 _c£3.50 |
||
| 035 | _a(BD-RjUL)55359 | ||
| 040 |
_aDLC _cDLC _dBD-RjUL _beng |
||
| 041 | _aeng | ||
| 082 | 0 | 0 |
_223 _a910.0913 _bJAT 1977 |
| 100 | 1 |
_aJarrett, Harold Reginald. _9164569 |
|
| 245 | 1 | 0 |
_aTropical geography : _ban introductory study of the humid tropics / _cby H. R. Jarrett. |
| 260 |
_aPlymouth : _bMacdonald and Evans, _c1977. |
||
| 300 |
_axv, 222 p. : _bill., maps ; _c22 cm. |
||
| 490 | 0 | _aAspect geographies | |
| 500 | _aIncludes index. | ||
| 504 | _aBibliography: p. [213]-216. | ||
| 651 | 0 |
_aTropics. _9161600 |
|
| 942 |
_2ddc _cBK |
||
| 999 |
_c55237 _d55237 |
||